000 00275nam a22001217a 4500
008 180308b xxu||||| |||| 00| 0 eng d
041 _aeng
080 _a339.138
100 _a60
101 _aMAR
245 _aMarketing real people choices
_cSolomon,M.R
942 _2udc
_cBK
999 _c44423
_d44423